LEADER 01047nam0-22003491i-450- 001 990000850570403321 005 20060112153410.0 010 $a3-540-12546-9 035 $a000085057 035 $aFED01000085057 035 $a(Aleph)000085057FED01 035 $a000085057 100 $a20020821d1984----km-y0itay50------ba 101 0 $aita 105 $ay-------001yy 200 1 $aNon-archimedean analysis$ea systematic approach to rigid analytic geometry$fS. Bosch, U. Guntzer, R. Remert 210 $aBerlin$cSpringer-Verlag$d1984 215 $aXII, 436 p.$d24 cm 225 1 $a<>Grundlehren der mathematischen Wissenschaften$v261 610 0 $aNon 676 $a516.3$v261 700 1$aBosch,$bSiegfried$041946 702 1$aGuntzer,$bUlrich 702 1$aRemmert,$bReinhold 702 0$aArchimedes$f<287-212 a. C.> 801 0$aIT$bUNINA$gRICA$2UNIMARC 901 $aBK 912 $a990000850570403321 952 $a02 14 B 2$b4599$fFINBN 959 $aFINBN 996 $aNon-archimedean analysis$9348445 997 $aUNINA